000 00790nas a2200217 i 4500
001 184394
003 ES-MaACL
005 20250809151043.0
008 150817d18771879fr a| | ||re d
245 0 0 _aAnnuaire de l'archéologue français
_b: publié sous les auspices de la Société française d'archéologie pour la conservation des monuments historiques /
_cpar Anthyme Saint-Paul.
260 _aParis :
_bTours : [s.n.],
_c1877-1879.
300 _a3 v. :
_bil. ;
_c19 cm.
310 _aAnual
362 0 _aN°1 (1877)-n°3 (1879)
650 7 _aArqueología
_2embne
_99975
700 1 _aSaint-Paul, Anthyme (
_d1843-1911)
_9132291
710 2 _aSociété Française d'Archéologie.
_9134937
852 _aES-MaACL
_jG-15654-56
866 0 _o1877-79
999 _c184394
_d184394